Logo BPK

Biblioteka

Politechniki Koszalińskiej

Putnam's geology / (Rekord nr 30172)

Szczegóły MARC
000 -ETYKIETA REKORDU
podpole kontrolne o stałej długości 00598nam a2200229 i 4500
001 - NUMER KONTROLNY REKORDU
pole kontrolne bg
020 ## - MIĘDZYNARODOWY ZNORMALIZOWANY NUMER KSIĄŻKI - ISBN
ISBN 0195055179
040 ## - ŹRÓDŁO KATALOGOWANIA
Instytucja, która utworzyła rekord BPK
041 0# - KOD JĘZYKA
Kod języka tekstu en
080 ## - UNIWERSALNA KLASYFIKACJA DZIESIĘTNA - UKD
UKD 551.1/.4
920 ## - Międzynarodowy znormalizowany numer książki – ISBN
ISBN 0-19-505517-9
008 - POLE O STAŁEJ DŁUGOŚCI - DANE KONTROLNE
podpole kontrolne o stałej długości s pl f |000 0 pol
100 1# - NAZWA OSOBOWA
Nazwa osobowa BIRKELAND, Peter W.
245 #0 - TYTUŁ/ODPOWIEDZIALNOŚĆ
Tytuł Putnam's geology /
Pozostałe elementy strefy tytułu i oznaczenia odpowiedzialności Peter W. Birkeland, Edwin E. Larson.
250 ## - STREFA WYDANIA
Oznaczenie wydania 5th ed.
260 ## - STREFA ADRESU WYDAWNICZEGO
Miejsce wydania New York :
Nazwa wydawcy/dystrybutora Oxford Univ. Press,
Data publikacji, dystrybucji/powstania dokumentu 1989.
300 ## - STREFA OPISU FIZYCZNEGO
Objętość [4],646 s. :
Inne cechy fizyczne fot., rys. ;
Rozmiary 25 cm.
504 ## - UWAGA DOTYCZĄCA BIBLIOGRAFII
Informacje o bibliografii Bibliogr. przy rozdz.
650 #9 - HASŁO PRZEDMIOTOWE W FORMIE NAZWY OGÓLNEJ LUB JEDNOSTKOWEJ
Nazwa ogólna lub geograficzna Geologia
700 1# - HASŁO DODATKOWE - NAZWA OSOBOWA
Nazwa osobowa LARSON, Edwin E.
942 ## - DODATKOWE ELEMENTY (KOHA)
Typ dokumentu Książka
Egzemplarze
Wycofany Status egzemplarza Uszkodzony Dostępność Lokalizacja stała Lokalizacja bieżąca Miejsce przechowywania Sygnatura Kod kreskowy Typ dokumentu
      Dostępny Biblioteka Politechniki Koszalińskiej Biblioteka Politechniki Koszalińskiej Wypożyczalnia BG 36785 01961867 Książka
© 2023 Biblioteka Politechniki Koszalińskiej :: KOHA